000 00729nam a22001817a 4500
999 _c370762
_d370762
008 201130b ||||| |||| 00| 0 eng d
040 _bger
_cDE-2950
_erda
_aDE-2950
041 _ager
245 _aWie weiter mit dem gesperrten Helenesee?
_bWahlkreis 63: Die MOZ sprach mit Direktkandidaten aller im Bundestag vertretenen Parteien über Themen zwischen Oder und Spree .../
_cThomas Gutke
264 _c2021
653 _aFrankfurt (Oder)
653 _aBundestagswahlen 2021
773 _dFrankfurt (Oder): Märkisches Verlags- und Druckhaus GmbH & Co KG
_g32. Jahrgang (2021) Nr. 201 vom 30.08.2021, S. 14: Foto
_tMärkische Oderzeitung
942 _cA